[Event "GRE-chT 39th"]
[Site "Eretria"]
[Date "2011.07.08"]
[Round "7.12"]
[White "Barbageorgopoulou, Despina"]
[Black "Sperdokli, Elli"]
[Result "0-1"]
[WhiteElo "1752"]
[BlackElo "2127"]
[PlyCount "84"]
[EventDate "2011.07.03"]
[EventType "team-swiss"]
[EventRounds "7"]
[EventCountry "GRE"]
[SourceTitle "CBM 143 Extra"]
[Source "ChessBase"]
[SourceDate "2011.08.29"]
[SourceVersion "1"]
[SourceVersionDate "2011.08.29"]
[SourceQuality "1"]
[WhiteTeam "Polichnis"]
[BlackTeam "Heraklion OAA"]
[WhiteTeamCountry "GRE"]
[BlackTeamCountry "GRE"]

1. d4 f5 2. c4 Nf6 3. Nc3 g6 4. g3 Bg7 5. Bg2 d6 6. Nh3 c6 7. 0-0 0-0 8. Bf4 Nh5 9. Be3 Nd7 10. d5 Ne5 11. Qb3 c5 12. Bd2 h6 13. Rae1 Rb8 14. e4 a6 15. Ne2 fxe4 16. Nef4 Bxh3 17. Nxh3 Nf3+ 18. Bxf3 exf3 19. g4 Qd7 20. Re6 Nf6 21. Qxf3 g5 22. Qe2 Qa4 23. Rxe7 Rbe8 24. Bc3 Rxe7 25. Qxe7 Qxc4 26. Qe6+ Kh8 27. f4 Qxd5 28. f5 Kh7 29. Qxd5 Nxd5 30. Bxg7 Kxg7 31. Nf2 Nf6 32. Rd1 d5 33. h3 Re8 34. Nd3 b6 35. Kf2 d4 36. Nc1 h5 37. Rg1 hxg4 38. hxg4 Re4 39. Nb3 Rxg4 40. Rxg4 Nxg4+ 41. Kf3 Ne3 42. Ke4 Kf6 0-1

[Event "GRE-chT 36th"]
[Site "Kallithea"]
[Date "2008.07.09"]
[Round "5.5"]
[White "Sperdokli, Elli"]
[Black "Papadimitriou, Athanasios"]
[Result "1/2-1/2"]
[WhiteElo "2129"]
[BlackElo "2064"]
[PlyCount "79"]
[EventDate "2008.07.06"]
[EventType "team-tourn"]
[EventRounds "7"]
[EventCountry "GRE"]
[SourceTitle "CBM 125 Extra"]
[Source "ChessBase"]
[SourceDate "2008.09.01"]
[SourceVersion "1"]
[SourceVersionDate "2008.09.01"]
[SourceQuality "1"]

1. e4 g6 2. d4 Bg7 3. Nf3 c6 4. Nc3 d5 5. h3 dxe4 6. Nxe4 Nd7 7. Bd3 Ngf6 8. Nxf6+ Nxf6 9. 0-0 0-0 10. Re1 Qc7 11. Qe2 Re8 12. Ne5 Be6 13. Bf4 Qb6 14. c3 Rad8 15. Bg5 a6 16. Bc4 Bxc4 17. Nxc4 Qc7 18. Qf3 Nd5 19. Ne3 Nxe3 20. Rxe3 Rd5 21. Bf4 Qd8 22. Rae1 b5 23. a3 e6 24. Qg3 c5 25. dxc5 Rxc5 26. Rd3 Rd5 27. Red1 Qa8 28. Rxd5 exd5 29. Qg5 f5 30. Be3 Re4 31. Bd4 Bxd4 32. Rxd4 Rxd4 33. cxd4 Qe8 34. Qf6 Qe1+ 35. Kh2 Qxf2 36. Qd8+ Kg7 37. Qxd5 Qf4+ 38. Kh1 Qc1+ 39. Kh2 Qf4+ 40. Kh1 1/2-1/2

[Event "GRE-chT 36th"]
[Site "Kallithea"]
[Date "2008.07.07"]
[Round "3.7"]
[White "Filippas, Sebastian"]
[Black "Sperdokli, Elli"]
[Result "1-0"]
[WhiteElo "2240"]
[BlackElo "2129"]
[PlyCount "74"]
[EventDate "2008.07.06"]
[EventType "team-tourn"]
[EventRounds "7"]
[EventCountry "GRE"]
[SourceTitle "CBM 125 Extra"]
[Source "ChessBase"]
[SourceDate "2008.09.01"]
[SourceVersion "1"]
[SourceVersionDate "2008.09.01"]
[SourceQuality "1"]

1. d4 Nf6 2. c4 e6 3. Nc3 c5 4. d5 exd5 5. cxd5 d6 6. e4 g6 7. f4 Bg7 8. Bb5+ Nfd7 9. a4 Qh4+ 10. g3 Qd8 11. Nf3 0-0 12. 0-0 a6 13. Be2 Re8 14. Kg2 Nf6 15. e5 dxe5 16. fxe5 Ng4 17. e6 fxe6 18. Bc4 Kh8 19. Ng5 Ne5 20. Bf4 b5 21. Bxe5 Qxg5 22. Bxg7+ Kxg7 23. Qf3 Qe7 24. axb5 Bb7 25. Rae1 e5 26. Kg1 Nd7 27. Qe3 Nf6 28. bxa6 Bxa6 29. Bxa6 Rxa6 30. Rd1 Rb6 31. Na4 Rb4 32. Nxc5 Ng4 33. Qc3 Reb8 34. h3 Nf6 35. d6 Qa7 36. d7 Ne4 37. Qxe5+ Kh6 1-0

[Event "GRE-ch (Women) 29th"]
[Site "Athens"]
[Date "2006.12.01"]
[Round "7"]
[White "Botsari, Anna Maria"]
[Black "Sperdokli, Elli"]
[Result "1-0"]
[WhiteElo "2351"]
[BlackElo "2111"]
[PlyCount "57"]
[EventDate "2006.11.27"]
[EventType "tourn"]
[EventRounds "9"]
[EventCountry "GRE"]
[SourceTitle "CBM 115 Extra"]
[Source "ChessBase"]
[SourceDate "2007.01.10"]
[SourceVersion "1"]
[SourceVersionDate "2007.01.10"]
[SourceQuality "1"]

1. d4 Nf6 2. c4 c5 3. d5 e6 4. Nc3 exd5 5. cxd5 d6 6. e4 g6 7. f3 Bg7 8. Bg5 0-0 9. Qd2 a6 10. a4 h6 11. Be3 Re8 12. Be2 h5 13. Bg5 Qc7 14. h4 Nbd7 15. Nh3 Ne5 16. Nf2 Bd7 17. 0-0 Nh7 18. Bh6 Qd8 19. Bxg7 Kxg7 20. f4 Ng4 21. Nxg4 Bxg4 22. Bxg4 hxg4 23. g3 f5 24. Rae1 Qf6 25. e5 dxe5 26. fxe5 Rxe5 27. Ne4 Qb6 28. Qc3 c4+ 29. Nf2 1-0

[Event "GRE-ch (Women) 29th"]
[Site "Athens"]
[Date "2006.11.30"]
[Round "6"]
[White "Sperdokli, Elli"]
[Black "Makka, Ioulia"]
[Result "1-0"]
[WhiteElo "2111"]
[BlackElo "2204"]
[PlyCount "99"]
[EventDate "2006.11.27"]
[EventType "tourn"]
[EventRounds "9"]
[EventCountry "GRE"]
[SourceTitle "CBM 115 Extra"]
[Source "ChessBase"]
[SourceDate "2007.01.10"]
[SourceVersion "1"]
[SourceVersionDate "2007.01.10"]
[SourceQuality "1"]

1. e4 e6 2. b3 d5 3. Bb2 dxe4 4. Nc3 Nf6 5. Qe2 Be7 6. Nxe4 0-0 7. 0-0-0 a5 8. a3 Nxe4 9. Qxe4 Bf6 10. d4 c5 11. Nf3 Qe7 12. a4 cxd4 13. Nxd4 Nd7 14. Kb1 Rd8 15. Bd3 g6 16. Bb5 Nc5 17. Qe3 Na6 18. Rhe1 Bd7 19. Bc4 Be8 20. Qg3 Bh4 21. Qe5 Bf6 22. Nf5 gxf5 23. Qxf6 Qxf6 24. Bxf6 Rxd1+ 25. Rxd1 Nb4 26. c3 Nd5 27. Bxd5 exd5 28. Rxd5 Bc6 29. Rd1 Re8 30. g3 h6 31. Rd8 Kf8 32. Kb2 Rxd8 33. Bxd8 Ke8 34. Bxa5 Kd7 35. Bb6 Kd6 36. Be3 h5 37. h4 Kd5 38. c4+ Ke4 39. Kc3 Be8 40. a5 Ke5 41. Bf4+ Ke6 42. b4 Bc6 43. Kd4 Bg2 44. Kc5 Kd7 45. Kb6 Bf3 46. b5 Be4 47. c5 Bf3 48. a6 bxa6 49. c6+ Kc8 50. bxa6 1-0

[Event "GRE-ch (Women) 29th"]
[Site "Athens"]
[Date "2006.11.26"]
[Round "2"]
[White "Sperdokli, Elli"]
[Black "Papadopoulou, Vera"]
[Result "0-1"]
[WhiteElo "2111"]
[BlackElo "2246"]
[PlyCount "72"]
[EventDate "2006.11.27"]
[EventType "tourn"]
[EventRounds "9"]
[EventCountry "GRE"]
[SourceTitle "CBM 115 Extra"]
[Source "ChessBase"]
[SourceDate "2007.01.10"]
[SourceVersion "1"]
[SourceVersionDate "2007.01.10"]
[SourceQuality "1"]

1. e4 c5 2. Nf3 Nc6 3. Bb5 d6 4. c3 Nf6 5. Qe2 Bd7 6. 0-0 e5 7. d4 cxd4 8. cxd4 Qc7 9. Nc3 Be7 10. d5 Nb8 11. Bg5 0-0 12. Bxd7 Nbxd7 13. Nh4 Rfc8 14. Nf5 Bf8 15. Nb5 Qb6 16. a4 h6 17. Be3 Qa6 18. Qf3 Kh7 19. g4 Rc2 20. h4 g6 21. g5 Nh5 22. Nxh6 f6 23. Ng4 Be7 24. gxf6 Ndxf6 25. Nxf6+ Bxf6 26. Qg4 Bg7 27. Qd7 Nf6 28. Qxd6 Nxe4 29. Qe7 Rf8 30. d6 Qc6 31. Rac1 Ng3 32. Kh2 Nxf1+ 33. Rxf1 Qf3 34. Bxa7 Qf4+ 35. Kg1 Qg4+ 36. Kh1 Rf3 0-1

[Event "Athens Acropolis op (Women)"]
[Site "Athens"]
[Date "2006.08.20"]
[Round "8"]
[White "Petraki, Maria"]
[Black "Sperdokli, Elli"]
[Result "1-0"]
[WhiteElo "2094"]
[BlackElo "2129"]
[PlyCount "81"]
[EventDate "2006.08.13"]
[EventType "swiss"]
[EventRounds "9"]
[EventCountry "GRE"]
[SourceTitle "CBM 113 Extra"]
[Source "ChessBase"]
[SourceDate "2006.09.14"]
[SourceVersion "1"]
[SourceVersionDate "2006.09.14"]
[SourceQuality "1"]

1. e4 c5 2. Nf3 d6 3. Bc4 e6 4. 0-0 a6 5. a4 Nf6 6. d3 Be7 7. Bb3 b6 8. Re1 Bb7 9. c3 Qc7 10. Nbd2 Nc6 11. Bc2 Nd7 12. Nf1 h6 13. Ng3 g5 14. h3 0-0-0 15. d4 Rdg8 16. Nh2 Kb8 17. Be3 Nf8 18. Rb1 a5 19. d5 Ne5 20. b4 Nfg6 21. bxa5 bxa5 22. Nh5 Nc4 23. Bc1 Ka7 24. Ng4 Nge5 25. Nxe5 Nxe5 26. Bb3 exd5 27. Bxd5 Bxd5 28. exd5 Rb8 29. Rb5 Rxb5 30. axb5 Rb8 31. Qe2 Qd7 32. c4 Kb6 33. Bb2 Ng6 34. Qf3 f5 35. Re6 Rg8 36. Qxf5 Nf8 37. Nf6 Bxf6 38. Rxf6 Qxf5 39. Rxf5 Ng6 40. Rf6 Kc7 41. Rf7+ 1-0

[Event "Athens Acropolis op (Women)"]
[Site "Athens"]
[Date "2006.08.18"]
[Round "6"]
[White "Makka, Evanthia"]
[Black "Sperdokli, Elli"]
[Result "1-0"]
[WhiteElo "2032"]
[BlackElo "2129"]
[PlyCount "71"]
[EventDate "2006.08.13"]
[EventType "swiss"]
[EventRounds "9"]
[EventCountry "GRE"]
[SourceTitle "CBM 113 Extra"]
[Source "ChessBase"]
[SourceDate "2006.09.14"]
[SourceVersion "1"]
[SourceVersionDate "2006.09.14"]
[SourceQuality "1"]

1. d4 Nf6 2. c3 b6 3. Bf4 Bb7 4. e3 e6 5. h3 Bd6 6. Bxd6 cxd6 7. Nf3 0-0 8. Nbd2 d5 9. c4 Ne4 10. cxd5 Bxd5 11. Nxe4 Bxe4 12. Be2 f5 13. 0-0 Nc6 14. Nd2 Bd5 15. a3 Qg5 16. Bf3 Ne7 17. Bxd5 Nxd5 18. Nf3 Qe7 19. Rc1 Rf6 20. Qa4 h6 21. Rc2 g5 22. Rfc1 a5 23. Ne5 d6 24. Qc6 Qd8 25. Nc4 Ra7 26. Qxd6 Rd7 27. Qe5 Qe7 28. Qb8+ Rd8 29. Qe5 Rd7 30. Nd2 Rg6 31. Rc8+ Kf7 32. Rh8 Nf6 33. Nc4 Kg7 34. Rc8 g4 35. Nxb6 gxh3 36. Nxd7 1-0

[Event "Athens Acropolis op (Women)"]
[Site "Athens"]
[Date "2006.08.16"]
[Round "4"]
[White "Danielian, Elina"]
[Black "Sperdokli, Elli"]
[Result "1-0"]
[WhiteElo "2423"]
[BlackElo "2129"]
[PlyCount "75"]
[EventDate "2006.08.13"]
[EventType "swiss"]
[EventRounds "9"]
[EventCountry "GRE"]
[SourceTitle "CBM 113 Extra"]
[Source "ChessBase"]
[SourceDate "2006.09.14"]
[SourceVersion "1"]
[SourceVersionDate "2006.09.14"]
[SourceQuality "1"]

1. d4 Nf6 2. Nf3 e6 3. e3 b6 4. Bd3 Bb7 5. 0-0 Be7 6. c4 c5 7. Nc3 0-0 8. d5 exd5 9. cxd5 d6 10. e4 Nbd7 11. h3 a6 12. a4 Re8 13. Nd2 Ne5 14. Be2 Nfd7 15. f4 Ng6 16. Nc4 Bf8 17. Qc2 Rb8 18. Bd2 Bc8 19. Be1 Nf6 20. Bg3 b5 21. axb5 axb5 22. Na5 Bd7 23. Nc6 Bxc6 24. dxc6 c4 25. Bf3 Qc7 26. Ra6 Rb6 27. Rxb6 Qxb6+ 28. Qf2 Qxf2+ 29. Rxf2 b4 30. Nd5 Nxd5 31. exd5 Ne7 32. Rc2 Nf5 33. Bf2 c3 34. bxc3 bxc3 35. Rxc3 g6 36. c7 Rc8 37. Be2 Bg7 38. Ba6 1-0

[Event "GRE-chT 34th"]
[Site "Ermioni Argolidas"]
[Date "2005.07.08"]
[Round "5"]
[White "Sperdokli, Elli"]
[Black "Papadopoulou, Vera"]
[Result "0-1"]
[WhiteElo "2139"]
[BlackElo "2212"]
[PlyCount "76"]
[EventDate "2005.07.04"]
[EventType "team"]
[EventRounds "9"]
[EventCountry "GRE"]
[SourceTitle "CBM 107 Extra"]
[Source "ChessBase"]
[SourceDate "2005.09.01"]
[SourceVersion "1"]
[SourceVersionDate "2005.09.01"]
[SourceQuality "1"]

1. e4 c5 2. Nf3 Nc6 3. Bb5 g6 4. Bxc6 dxc6 5. h3 Bg7 6. d3 b6 7. Nc3 e5 8. Be3 f6 9. Qd2 Be6 10. Ne2 Qc7 11. a3 Rd8 12. 0-0 Ne7 13. b4 c4 14. Qc3 cxd3 15. cxd3 0-0 16. Rad1 h6 17. Qc1 Kh7 18. d4 Qc8 19. a4 Bb3 20. Rd3 Bxa4 21. Ra3 Bb5 22. Rxa7 Bxe2 23. Rxe7 Rd7 24. Rxd7 Qxd7 25. Re1 Bxf3 26. gxf3 exd4 27. Rd1 f5 28. Qc4 f4 29. Bc1 Qxh3 30. Rd3 g5 31. e5 Bxe5 32. Qxc6 Qf5 33. Rd1 Rg8 34. Bb2 g4 35. Kf1 g3 36. Qe4 g2+ 37. Kg1 Qxe4 38. fxe4 f3 0-1

[Event "GRE-ch (Women)"]
[Site "Athens"]
[Date "2004.12.08"]
[Round "5"]
[White "Sperdokli, Elli"]
[Black "Makka, Evanthia"]
[Result "1-0"]
[WhiteElo "2124"]
[BlackElo "2087"]
[PlyCount "113"]
[EventDate "2004.12.04"]
[EventType "tourn"]
[EventRounds "9"]
[EventCountry "GRE"]
[SourceTitle "CBM 103 Extra"]
[Source "ChessBase"]
[SourceDate "2005.01.01"]
[SourceVersion "1"]
[SourceVersionDate "2005.01.01"]
[SourceQuality "1"]

1. e4 e6 2. b3 d5 3. Bb2 dxe4 4. Nc3 Nf6 5. Qe2 Bb4 6. 0-0-0 Qe7 7. Kb1 Bxc3 8. dxc3 e5 9. h3 h5 10. Qe3 Bf5 11. Ne2 Nbd7 12. c4 a6 13. Nc3 h4 14. Be2 0-0-0 15. Na4 g6 16. Qa7 Rhe8 17. c5 Nb8 18. Rxd8+ Rxd8 19. Bxa6 Nxa6 20. c6 Qb4 21. Nc5 bxc6 22. Qxa6+ Kb8 23. Qxc6 Qb6 24. Qxb6+ cxb6 25. Bxe5+ Ka7 26. Bxf6 Rd6 27. Be7 Rd2 28. Na4 Rxf2 29. Bxh4 Rxg2 30. Bd8 b5 31. Nc3 Ka6 32. Nd1 Rg3 33. h4 e3 34. Re1 Rf3 35. Nxe3 Be4 36. Ng4 Bf5 37. Ne5 Rf2 38. Nd3 Rh2 39. Bg5 Rh3 40. Re3 Rh2 41. Nb4+ Kb7 42. Re7+ Kc8 43. Rxf7 Rf2 44. Ra7 Kb8 45. Ra6 Kb7 46. Rd6 Kc7 47. Rd5 Bd7 48. Na6+ Kc6 49. Nb4+ Kc7 50. Rd2 Rf1+ 51. Kb2 Re1 52. Na6+ Kc8 53. Nc5 Bf5 54. Kc3 Ra1 55. Kb4 Rxa2 56. Kxb5 Ra7 57. Rd8+ 1-0

[Event "GRE-chT"]
[Site "Aghia Pelagia"]
[Date "2004.07.11"]
[Round "9.8"]
[White "Sperdokli, Elli"]
[Black "Kouvatsou, Maria"]
[Result "0-1"]
[WhiteElo "2118"]
[BlackElo "2223"]
[PlyCount "80"]
[EventDate "2004.07.04"]
[EventType "team"]
[EventRounds "9"]
[EventCountry "GRE"]
[SourceTitle "CBM 101 Extra"]
[Source "ChessBase"]
[SourceDate "2004.09.01"]
[SourceVersion "2"]
[SourceVersionDate "2004.09.01"]
[SourceQuality "1"]
[WhiteTeam "10"]
[BlackTeam "01"]
[WhiteTeamCountry "GRE"]
[BlackTeamCountry "GRE"]

1. e4 e5 2. Nf3 Nf6 3. Nxe5 d6 4. Nf3 Nxe4 5. Bd3 Nf6 6. h3 Be7 7. c3 0-0 8. Bc2 Re8 9. 0-0 b6 10. d4 Bb7 11. Re1 Nbd7 12. Bg5 Nd5 13. Qd3 Nf8 14. Bd2 Nf6 15. c4 d5 16. b3 dxc4 17. bxc4 Bxf3 18. Qxf3 Qxd4 19. Bc3 Bd6 20. Nd2 Qf4 21. g3 Qxf3 22. Nxf3 N8d7 23. Ba4 Rxe1+ 24. Rxe1 Rd8 25. Nd4 Ne5 26. Nc6 Nf3+ 27. Kf1 Nxe1 28. Nxd8 Nd3 29. Bc6 Be5 30. Bd2 Bd4 31. f4 Nb2 32. Bb5 Ne4 33. Be1 Nd3 34. Nc6 Bc5 35. Nxa7 Nxe1 36. Kxe1 Nxg3 37. Bc6 Bd6 38. Kf2 Bxf4 39. Kf3 g5 40. Bd5 Kg7 0-1

[Event "GRE-chT"]
[Site "Aghia Pelagia"]
[Date "2004.07.07"]
[Round "5.8"]
[White "Skripchenko, Almira"]
[Black "Sperdokli, Elli"]
[Result "1/2-1/2"]
[WhiteElo "2453"]
[BlackElo "2118"]
[PlyCount "112"]
[EventDate "2004.07.04"]
[EventType "team"]
[EventRounds "9"]
[EventCountry "GRE"]
[SourceTitle "CBM 101 Extra"]
[Source "ChessBase"]
[SourceDate "2004.09.01"]
[SourceVersion "2"]
[SourceVersionDate "2004.09.01"]
[SourceQuality "1"]
[WhiteTeam "03"]
[BlackTeam "10"]
[WhiteTeamCountry "GRE"]
[BlackTeamCountry "GRE"]

1. g3 Nf6 2. Bg2 g6 3. d4 d6 4. e4 Bg7 5. Nc3 0-0 6. Nge2 Nbd7 7. 0-0 c6 8. a4 Re8 9. h3 e5 10. Be3 Qe7 11. Re1 Nf8 12. Qd2 Ne6 13. Rad1 Nc7 14. a5 Rb8 15. dxe5 dxe5 16. Bxa7 Ra8 17. Bb6 Ne6 18. Na4 Nd7 19. b4 Bf8 20. Rb1 Qf6 21. Be3 c5 22. c3 Rd8 23. Qc1 Be7 24. f4 b5 25. Nb6 Nxb6 26. axb6 cxb4 27. cxb4 Bb7 28. Rf1 Rac8 29. Qb2 Nd4 30. Bxd4 exd4 31. Nc1 Qxb6 32. Nd3 Rc3 33. Qd2 Ra8 34. Ra1 Rac8 35. Rf2 R8c4 36. f5 Rc2 37. Qf4 Rxf2 38. Qxf2 Bg5 39. Nf4 Qc7 40. Rd1 Bxf4 41. gxf4 Rxb4 42. f6 Qd8 43. Qh4 Rb2 44. Qg5 d3 45. Qe5 Rb3 46. Qe7 Qc8 47. e5 Bxg2 48. e6 Qf8 49. Qxf8+ Kxf8 50. e7+ Ke8 51. Kxg2 b4 52. Kf3 Rc3 53. h4 Rc6 54. Rxd3 Rxf6 55. Rd8+ Kxe7 56. Rb8 h5 1/2-1/2

[Event "GRE-chT"]
[Site "Aghia Pelagia"]
[Date "2004.07.06"]
[Round "3.8"]
[White "Makropoulou, Marina"]
[Black "Sperdokli, Elli"]
[Result "1-0"]
[WhiteElo "2246"]
[BlackElo "2118"]
[PlyCount "93"]
[EventDate "2004.07.04"]
[EventType "team"]
[EventRounds "9"]
[EventCountry "GRE"]
[SourceTitle "CBM 101 Extra"]
[Source "ChessBase"]
[SourceDate "2004.09.01"]
[SourceVersion "2"]
[SourceVersionDate "2004.09.01"]
[SourceQuality "1"]
[WhiteTeam "05"]
[BlackTeam "10"]
[WhiteTeamCountry "GRE"]
[BlackTeamCountry "GRE"]

1. e4 c5 2. Nf3 d6 3. d4 Nf6 4. Nc3 cxd4 5. Nxd4 a6 6. a4 e5 7. Nf3 Qc7 8. Bg5 Nbd7 9. Nd2 h6 10. Bh4 Be7 11. Bc4 g5 12. Bg3 Nc5 13. Qe2 Be6 14. a5 Rc8 15. Nd5 Bxd5 16. exd5 Nce4 17. Bb3 Nxd2 18. Qxd2 Ne4 19. Qe2 Nc5 20. Bc4 0-0 21. f3 b5 22. axb6 Qxb6 23. b3 a5 24. Bf2 Ra8 25. 0-0 Rfc8 26. Kh1 Bf6 27. Rab1 Qc7 28. Bb5 Rab8 29. Rbd1 Nd7 30. c4 Bg7 31. Qd3 Nc5 32. Qc2 Rf8 33. Rb1 f5 34. Qd2 g4 35. Be3 f4 36. Bxc5 Qxc5 37. fxg4 Ra8 38. Bd7 Ra7 39. Be6+ Kh8 40. Qd3 Rb7 41. Bf5 Rfb8 42. g5 Qe3 43. gxh6 Bxh6 44. Qd1 Bg7 45. Rf3 Qd4 46. Rd3 Qf2 47. Be6 1-0

[Event "GRE-ch (Women)"]
[Site "Aspropyrgos"]
[Date "2003.12.06"]
[Round "8"]
[White "Sperdokli, Elli"]
[Black "Stefanidi, Maria Anna"]
[Result "1/2-1/2"]
[WhiteElo "2101"]
[BlackElo "2142"]
[PlyCount "120"]
[EventDate "2003.11.29"]
[EventType "tourn"]
[EventRounds "9"]
[EventCountry "GRE"]
[SourceTitle "CBM 097 Extra"]
[Source "ChessBase"]
[SourceDate "2004.01.13"]
[SourceVersion "1"]
[SourceVersionDate "2004.01.13"]
[SourceQuality "1"]

1. e4 c5 2. Nf3 d6 3. d4 cxd4 4. Nxd4 Nf6 5. Nc3 g6 6. Be3 Bg7 7. f3 0-0 8. Qd2 Nc6 9. 0-0-0 Qa5 10. Kb1 Bd7 11. g4 Rfc8 12. h4 Ne5 13. h5 Nc4 14. Bxc4 Rxc4 15. hxg6 fxg6 16. Nb3 Qc7 17. Nd5 Nxd5 18. Qxd5+ e6 19. Qxd6 Rxc2 20. Qxc7 Rxc7 21. Nc5 Bb5 22. Nxe6 Re7 23. Nxg7 Kxg7 24. Rh2 b6 25. Bd4+ Kg8 26. Bf6 Rc7 27. b3 Rac8 28. g5 a5 29. Rhd2 a4 30. Rd8+ Kf7 31. Rxc8 Rxc8 32. bxa4 Bxa4 33. Rd6 Bc6 34. Bd4 b5 35. Rf6+ Ke8 36. Kb2 Bd7 37. Be5 Bh3 38. Bd6 Kd7 39. Bb4 Be6 40. a3 Rc6 41. f4 Bc4 42. Rf8 Rc8 43. Rxc8 Kxc8 44. Kc3 Bf1 45. Kd4 Kd7 46. Ke5 Bd3 47. f5 Ke8 48. f6 Kf7 49. Kd4 Bc2 50. e5 Ke6 51. Bd6 Bd1 52. Kc5 Be2 53. Kc6 Bc4 54. Kc7 Kf7 55. Kd8 Be6 56. Bc5 Bc4 57. Kd7 Be6+ 58. Kd6 Bc4 59. Bb4 Be6 60. Kc5 Bd7 1/2-1/2

[Event "GRE-ch (Women)"]
[Site "Aspropyrgos"]
[Date "2003.12.01"]
[Round "3"]
[White "Sperdokli, Elli"]
[Black "Stiri, Alexandra"]
[Result "1-0"]
[WhiteElo "2101"]
[BlackElo "2183"]
[PlyCount "103"]
[EventDate "2003.11.29"]
[EventType "tourn"]
[EventRounds "9"]
[EventCountry "GRE"]
[SourceTitle "CBM 097 Extra"]
[Source "ChessBase"]
[SourceDate "2004.01.13"]
[SourceVersion "1"]
[SourceVersionDate "2004.01.13"]
[SourceQuality "1"]

1. e4 c5 2. Nf3 e6 3. c4 Nc6 4. Nc3 Nge7 5. Be2 Nd4 6. Nxd4 cxd4 7. Nb5 Nc6 8. 0-0 Be7 9. f4 0-0 10. d3 d6 11. b3 f5 12. exf5 Rxf5 13. Bf3 Qb6 14. Be4 Rf6 15. a4 a6 16. Bxc6 bxc6 17. a5 Qb7 18. Nxd4 c5 19. Nf3 Rb8 20. Rb1 Qc7 21. Bd2 Bb7 22. Qe2 Rg6 23. Rf2 h6 24. d4 Bxf3 25. Qxf3 cxd4 26. Qd3 Rf6 27. b4 d5 28. c5 e5 29. Re1 exf4 30. Qxd4 Rbf8 31. Qxd5+ Kh8 32. Bc3 R6f7 33. Be5 Qa7 34. Qc6 Kg8 35. Ref1 Bg5 36. Bd6 Rd8 37. Qb6 Qa8 38. g3 f3 39. Re1 Bf6 40. Rd1 Rc8 41. b5 axb5 42. Qxb5 Bc3 43. a6 Qe4 44. Qd3 Qa4 45. Rxf3 Rxf3 46. Qxf3 Bd4+ 47. Kg2 Qc2+ 48. Kh3 Bxc5 49. Qd5+ Kh7 50. Rd2 Qc1 51. Qf5+ g6 52. Qf7+ 1-0

[Event "GRE-ch (Women)"]
[Site "Athens"]
[Date "2002.12.06"]
[Round "9"]
[White "Makropoulou, Marina"]
[Black "Sperdokli, Elli"]
[Result "1/2-1/2"]
[WhiteElo "2272"]
[BlackElo "2106"]
[PlyCount "116"]
[EventDate "2002.11.28"]
[EventType "tourn"]
[EventRounds "9"]
[EventCountry "GRE"]
[SourceTitle "CBM 091 Extra"]
[Source "ChessBase"]
[SourceDate "2003.01.09"]
[SourceVersion "1"]
[SourceVersionDate "2003.01.09"]
[SourceQuality "1"]

1. e4 c5 2. Nf3 d6 3. d4 cxd4 4. Qxd4 Nc6 5. Bb5 Bd7 6. Bxc6 Bxc6 7. Nc3 Nf6 8. Bg5 e6 9. 0-0-0 Be7 10. Rhe1 0-0 11. Kb1 Qa5 12. Qd2 Rfe8 13. Nd5 Qxd2 14. Nxe7+ Rxe7 15. Rxd2 Rd7 16. Bxf6 gxf6 17. Nd4 a5 18. f3 Kf8 19. Re3 Ke7 20. Rc3 Rc7 21. a4 Rac8 22. b3 Bd7 23. Rxc7 Rxc7 24. c4 Rc5 25. Kb2 Rg5 26. Kc3 Kd8 27. Nc2 Kc7 28. Ne3 h5 29. Kd4 Kc6 30. Kc3 Kc7 31. Rf2 Bc6 32. Kd4 b6 33. Kd3 Rc5 34. Rf1 Bb7 35. Rh1 h4 36. h3 d5 37. exd5 exd5 38. Re1 Ba6 39. Kd4 dxc4 40. Nxc4 Bxc4 41. bxc4 Kd7 42. Re4 Rh5 43. Rg4 Ke6 44. Rg8 Rg5 45. Rb8 Rxg2 46. Rxb6+ Ke7 47. Rb7+ Ke6 48. Rb6+ Ke7 49. Rb5 Rg3 50. Ke4 Rxh3 51. Rxa5 Rh1 52. Kf4 Rc1 53. Rc5 f5 54. a5 Rc2 55. Re5+ Kd6 56. Rxf5 Rxc4+ 57. Ke3 Ke6 58. Rh5 Ra4 1/2-1/2

[Event "GRE-ch (Women)"]
[Site "Athens"]
[Date "2002.12.03"]
[Round "6"]
[White "Stiri, Alexandra"]
[Black "Sperdokli, Elli"]
[Result "1-0"]
[WhiteElo "2170"]
[BlackElo "2106"]
[PlyCount "173"]
[EventDate "2002.11.28"]
[EventType "tourn"]
[EventRounds "9"]
[EventCountry "GRE"]
[SourceTitle "CBM 091 Extra"]
[Source "ChessBase"]
[SourceDate "2003.01.09"]
[SourceVersion "1"]
[SourceVersionDate "2003.01.09"]
[SourceQuality "1"]

1. e4 c5 2. Nf3 d6 3. d4 cxd4 4. Nxd4 Nf6 5. Nc3 a6 6. f3 Qb6 7. Nb3 e6 8. Qe2 Nc6 9. g4 Qc7 10. Be3 b5 11. 0-0-0 Ne5 12. g5 Nfd7 13. f4 Nc4 14. Bd4 Bb7 15. Bh3 0-0-0 16. Nd2 Nxd2 17. Rxd2 Kb8 18. Qe3 Bc6 19. Ne2 Qb7 20. Ng3 h5 21. gxh6 Rxh6 22. Bg2 Rc8 23. Qf2 Nf6 24. e5 Ng4 25. Bxc6 Qxc6 26. Qe2 dxe5 27. fxe5 Rh4 28. Kb1 g6 29. Rdd1 Bc5 30. c3 Nh6 31. Qd2 Nf5 32. Bxc5 Qxc5 33. Nxf5 gxf5 34. Qd6+ Qxd6 35. exd6 Rd8 36. b3 Kb7 37. Rd2 Rd7 38. a4 bxa4 39. bxa4 Kc6 40. Rhd1 Rxa4 41. Kb2 Rb7+ 42. Kc2 Kd7 43. Rd4 Ra2+ 44. Kd3 Rxh2 45. Ra1 Rb6 46. Ke3 Rc6 47. Kd3 Rh3+ 48. Kd2 Rhxc3 49. Rb1 Rc2+ 50. Kd1 R2c4 51. Rb7+ Kc8 52. d7+ Kxb7 53. d8Q Rxd4+ 54. Qxd4 a5 55. Qd7+ Rc7 56. Qb5+ Kc8 57. Qxa5 Kd7 58. Qb4 Kc6 59. Ke2 Rd7 60. Ke3 e5 61. Qa4+ Kd6 62. Qa6+ Ke7 63. Qb5 f6 64. Qc5+ Kf7 65. Qc8 Ke7 66. Qg8 Kd6 67. Qf8+ Ke6 68. Qe8+ Re7 69. Qc8+ Rd7 70. Kf3 Ke7 71. Kg3 Rd3+ 72. Kh4 Rd4+ 73. Kh5 Rg4 74. Qc7+ Ke6 75. Kh6 Rh4+ 76. Kg7 Rg4+ 77. Kf8 Kd5 78. Kf7 e4 79. Kxf6 Rg1 80. Qb7+ Kc4 81. Qa6+ Kc3 82. Kxf5 e3 83. Ke4 Rg3 84. Qe2 Kb3 85. Kf4 Rh3 86. Kg4 Rh7 87. Qd3+ 1-0

[Event "Nikaia op 10th"]
[Site "Nikaia"]
[Date "2002.08.25"]
[Round "7"]
[White "Tsomis, Dimitrios"]
[Black "Sperdokli, Elli"]
[Result "1-0"]
[WhiteElo "2198"]
[BlackElo "2119"]
[PlyCount "119"]
[EventDate "2002.08.19"]
[EventType "swiss"]
[EventRounds "9"]
[EventCountry "GRE"]
[SourceTitle "CBM 089 Extra"]
[Source "ChessBase"]
[SourceDate "2002.09.10"]
[SourceVersion "2"]
[SourceVersionDate "2002.09.10"]
[SourceQuality "1"]

1. e4 d5 2. exd5 Nf6 3. d4 Bg4 4. f3 Bf5 5. Bc4 Nxd5 6. Ne2 e6 7. 0-0 Nb6 8. Bb3 c5 9. c3 Nc6 10. Be3 c4 11. Bc2 Nd5 12. Bf2 Bxc2 13. Qxc2 Qg5 14. Qd2 h6 15. Re1 Bd6 16. Ng3 Qxd2 17. Nxd2 Na5 18. Nge4 Bf4 19. g3 Bxd2 20. Nxd2 0-0 21. Re5 Nc6 22. Re2 b5 23. Rae1 Rfc8 24. a3 Nce7 25. Ne4 Rc6 26. Be3 Nc8 27. Bd2 Ncb6 28. Nc5 a5 29. f4 Ne7 30. Kg2 g6 31. g4 Kg7 32. Kf3 Nbd5 33. Re5 Rb8 34. Ra1 Kh7 35. Be1 Rbb6 36. Bh4 Rc7 37. f5 Nc6 38. fxg6+ Kxg6 39. Re2 b4 40. axb4 axb4 41. Be1 bxc3 42. bxc3 Ra7 43. Rea2 Rxa2 44. Rxa2 Rb5 45. Ra4 Nb6 46. Ra6 Na5 47. h4 Nd5 48. h5+ Kg7 49. Ra7 Kg8 50. Ra8+ Kg7 51. Bg3 Nc6 52. Rc8 Nde7 53. Rc7 Rb6 54. Bh4 Nd5 55. Nxe6+ Kg8 56. Rc8+ Kh7 57. Nf8+ Kg7 58. Nd7 Ra6 59. Nc5 Rb6 60. Ne4 1-0